000 01952nam0a2200337 i 4500
001 RU\NLR\BIBL_A\011102663
005 20260408122401.0
010 _a9785979514260
_950
021 _aRU
_b2016-24451
_91555
035 _a(NILC)RuMoRGB-008261578
035 _a(NLR Aleph) 011102663
090 _a11428689
_c11428689
100 _a20160414d2015 k y0rusy50 ca
101 0 _arus
102 _aRU
105 _aa|||j|||000yy
200 1 _aМаркетинг персонала
_eучебное пособие
_e[для студентов направления 08040062 (38.03.03) "Управление персоналом"]
_fМ-во образования и науки Российской Федерации, Федеральное гос. бюджетное образовательное учреждение высш. проф. образования "Ульяновский гос. технический ун-т", Ин-т дистанционного и доп. образования
_gсост.: Р.А. Кадермятова
210 _aУльяновск
_cУлГТУ
_d2015
215 _a74 с.
_cил.
_d29
320 _aБиблиогр. в конце разд.
606 1 _aКадры
_jУчебные издания для высших учебных заведений
_xУправление
_xМаркетинг
_92517652
_3RU\NLR\AUTH\661492089
686 1 _aУ24(2)0-21я73
702 1 _aКадермятова
_bР. А.
_gРушания Анвяровна
_4220
712 0 2 _4570
_aУльяновский государственный технический университет
_bИнститут дистанционного и дополнительного образования
_3RU\NLR\AUTH\880410607
_9486861
801 0 _aRU
_bРГБ
_c20160330
_gRCR
801 2 _aRU
_bРГБ
_c20160404
_grcr
942 _cBOOK
980 _aNBR